Library of the University of Algiers 3
Ibrahim Sultan Cheibout
شعار جامعة الجزائر 3
مكتبة جامعة الجزائر 3
إبراهيم سلطان شيبوط

المديرة ورائدة الأعمال العربية : (رقم التسجيلة. 45746)

تفاصيل مارك
000 -LEADER
fixed length control field 01588nam a2200229Ia 4500
003 - CONTROL NUMBER IDENTIFIER
control field Ost
005 - DATE AND TIME OF LATEST TRANSACTION
control field 20260507075658.0
008 - FIXED-LENGTH DATA ELEMENTS--GENERAL INFORMATION
fixed length control field 260507s9999||||xx |||||||||||||| ||und||
040 ## - CATALOGING SOURCE
Transcribing agency fsecg
041 ## - LANGUAGE CODE
Language code of text/sound track or separate title ara
082 ## - DEWEY DECIMAL CLASSIFICATION NUMBER
Classification number 658.42
100 ## - MAIN ENTRY--PERSONAL NAME
Personal name زايد، عادل محمد
Relator term مؤلف
245 #0 - TITLE STATEMENT
Title المديرة ورائدة الأعمال العربية :
Remainder of title مقومات نجاحها في مواجهة تحديات القرن الحادي والعشرين /
Statement of responsibility, etc. عادل محمد زايد
260 ## - PUBLICATION, DISTRIBUTION, ETC.
Place of publication, distribution, etc. القاهرة:
Name of publisher, distributor, etc. المنظمة العربية للتنمية الادارية,
Date of publication, distribution, etc. 2000
300 ## - PHYSICAL DESCRIPTION
Extent 123 صفحة؛
Other physical details إيضاحات ؛
Dimensions 24 سم
490 ## - SERIES STATEMENT
Series statement بحوث ودراسات
Volume/sequential designation 354
504 ## - BIBLIOGRAPHY, ETC. NOTE
Bibliography, etc. note المراجع ص.115
520 ## - SUMMARY, ETC.
Summary, etc. المديرة العربية في المحيط البيئي بين الحاضر والماضي: المتغيرات السياسية، القانونية، المتغيرات الاقتصادية، المتغيرات الاجتماعية الثقافية، المتغيرات التكنولوجية، مقومات نجاح المديرة العربية ، تنمية مهارات القيادية، استثمار دوافع الانجاز، تنمية قدرات زيادة الأعمال، تنمية المسار الوظيفي، تنمية شبكات العلاقات الوظيفية، استغلال فرص العمل الجديدة، التعامل مع الصراع التنظيمي، التعامل مع ضغوط العمل.
653 ## - INDEX TERM--UNCONTROLLED
Uncontrolled term إدارة الأعمال
653 ## - INDEX TERM--UNCONTROLLED
Uncontrolled term المرأة العاملة
942 ## - ADDED ENTRY ELEMENTS (KOHA)
Koha item type كتب

لا توجد مواد متاحة.

موارد الويب المفتوحة


© University of Algiers 3 All Rights Reserved
|
Implemented by LECHELAH Riad